| 000 | 00462nam a2200169Ia 4500 | ||
|---|---|---|---|
| 008 | 241115s9999 xx 000 0 und d | ||
| 020 | _a0-13-782269-3 | ||
| 082 | _a006.3 STA | ||
| 100 | _aStaugaard, Andrew C. | ||
| 245 | 0 | _aRobotics and AI: an introduction to applied machine intelligence | |
| 250 | _a.NA | ||
| 260 |
_aNew Jersey: _bPrentice Hall, _c1987 |
||
| 300 | _ax,339p, | ||
| 600 | _aComputer Science | ||
| 650 | _aComputer Science | ||
| 942 | _cBBD | ||
| 999 |
_c24971 _d24971 |
||